Плоды просвещения: Пьесы : [Для старшего школьного возраста]

Opis bibliograficzny
1. autor: Толстой Л. Н. Лев Николаевич
Kolejni autorzy: Рыбакова Ю. П. (автор предисловия), Кублицкая Т. В. (иллюстратор)
Język:rosyjski
Wydane: Минск, Юнацтва, 1989
Seria:Школьная библиотека
Hasła przedmiotowe:
Format: MixedMaterials Książka
KOHA link:https://koha.lib.tpu.ru/cgi-bin/koha/opac-detail.pl?biblionumber=120951

MARC

LEADER 00000nam0a2200000 4500
001 120951
005 20241017063203.0
010 |a 5788002206 
020 |a RU  |b 89-46681 
035 |a (RuTPU)RU\TPU\book\130970 
090 |a 120951 
100 |a 20070907d1989 d a0rusy5003 ca 
101 0 |a rus 
102 |a RU 
105 |a a z 000by 
200 1 |a Плоды просвещения  |e Пьесы : [Для старшего школьного возраста]  |f Л. Н. Толстой  |g авт. предисл., коммент. Ю. П. Рыбакова; худож. Т. В. Кублицкая 
210 |a Минск  |c Юнацтва  |d 1989 
215 |a 254,[2] с.  |c портр., ил.  |d 21 см 
225 1 |a Школьная библиотека 
327 1 |a Содерж.: Власть тьмы, или "Коготок увяз, всей птичке пропасть"; Плоды просвещения; Живой труп 
610 1 |a русская литература 
610 1 |a пьесы 
675 |a Р1  |z rus 
700 1 |a Толстой  |b Л. Н.  |c граф  |c русский писатель  |c член-корреспондент, почетный академик Петербургской АН  |f 1829-1910  |g Лев Николаевич  |7 ca  |8 rus  |2 stltpush  |3 (RuTPU)RU\TPU\pers\497  |9 238 
702 1 |a Рыбакова  |b Ю. П.  |4 080 
702 1 |a Кублицкая  |b Т. В.  |4 440 
801 0 |a RU  |b RuMRKP  |c 19950417  |g psbo 
801 1 |a RU  |b 63413507  |c 20070907  |g PSBO 
801 2 |a RU  |b 63413507  |c 20070907  |g PSBO 
942 |c BK